Jean-Yves Vialleton, Poésie dramatique et prose du monde. Le comportement des personnages dans la tragédie en France au XVIIe siècle, Paris, Honoré Champion, « Lumière classique », no 52, 2004, 1 vol. de 18 3 25 cm de 822 p. (notice n° 1600086)
[ vue normale ]
| 000 -LEADER | |
|---|---|
| fixed length control field | 00672cam a2200145 4500500 |
| 005 - DATE AND TIME OF LATEST TRANSACTION | |
| control field | 20251228082921.0 |
| 041 ## - LANGUAGE CODE | |
| Language code of text/sound track or separate title | fre |
| 042 ## - AUTHENTICATION CODE | |
| Authentication code | dc |
| 100 10 - MAIN ENTRY--PERSONAL NAME | |
| Personal name | Courtès, Noémie |
| Relator term | author |
| 245 00 - TITLE STATEMENT | |
| Title | Jean-Yves Vialleton, Poésie dramatique et prose du monde. Le comportement des personnages dans la tragédie en France au XVIIe siècle, Paris, Honoré Champion, « Lumière classique », no 52, 2004, 1 vol. de 18 3 25 cm de 822 p. |
| 260 ## - PUBLICATION, DISTRIBUTION, ETC. | |
| Date of publication, distribution, etc. | 2006.<br/> |
| 500 ## - GENERAL NOTE | |
| General note | 25 |
| 786 0# - DATA SOURCE ENTRY | |
| Note | Dix-septième siècle | 232 | 3 | 2006-09-01 | p. 535g-568g | 0012-4273 |
| 856 41 - ELECTRONIC LOCATION AND ACCESS | |
| Uniform Resource Identifier | <a href="https://shs.cairn.info/revue-dix-septieme-siecle-2006-3-page-535g?lang=fr&redirect-ssocas=7080">https://shs.cairn.info/revue-dix-septieme-siecle-2006-3-page-535g?lang=fr&redirect-ssocas=7080</a> |
Pas d'exemplaire disponible.




Réseaux sociaux